| 000 | 00533nam a22001817a 4500 | ||
|---|---|---|---|
| 003 | BD-DhUL | ||
| 005 | 20180322155709.0 | ||
| 008 | 180322s1935 ii ||||| |||| 00| 0 per d | ||
| 040 |
_aBD-DhUL _cBD-DhUL |
||
| 082 |
_a891.551 _bSAK |
||
| 100 | 3 | _aسناعی۔ | |
| 245 | 0 |
_aکلیات سناعی / _cسناعی۔ |
|
| 246 | _aKulliyāt-e Sanā'ī | ||
| 260 |
_aھیدرآباد دکن : _bکتب خان حیدری، _c۱۹۳۵۔ |
||
| 300 |
_aمختلف صفحات ؛ _c۳۳ سم۔ |
||
| 650 | 0 | _aPersian poetry. | |
| 942 |
_2ddc _cBK |
||
| 999 |
_c239568 _d239568 |
||